Statistics for Hamilton Characters by Song Quote (Part 2)

Click here to take the quiz!

General Stats

  • This quiz has been taken 689 times
  • The average score is 14 of 18

Answer Stats

QuoteCharacter% Correct
It's bad enough there'll be violence on our shore...Peggy Schuyler
92%
But what if he decides to shoot?Philip Hamilton
91%
Alexander, rumours only grow.Aaron Burr
85%
If I could grant you peace of mind...Eliza Schuyler Hamilton
85%
We ride at midnight, Manhattan in the distance.George Washington
85%
We'll never be free until we end slavery.John Laurens
85%
I don't know about any letter!Maria Reynolds
85%
You pay him in advance, you treat him with civility...Alexander Hamilton
83%
Is that true? I wasn't aware that was something a person could do.King George III
81%
But there's so many of them!Charles Lee
78%
So time to pay the piper for the pants you unbuckled...James Reynolds
77%
You used to work on the same staff...James Madison
76%
Sir, you're going to have to use him eventually...Maquis de Lafayette
75%
Sit down with him and compromise, don't stop 'til you agree.Angelica Schuyler Church
73%
Chaos and bloodshed are not a solution.Samuel Seabury
70%
He's not very forthcoming on any particular stances...Thomas Jefferson
69%
To my brother's revolutionary covenant....Hercules Mulligan
67%
Let's go! Grab your pistols.George Eacker
42%

Score Distribution

Percentile by Number Answered

Percent of People with Each Score

Your Score History

You have not taken this quiz